Lưới điện và hệ thống điện. T.1 /

Khái niệm chung về hệ thống và lưới điện; Sơ đồ tính toán và các thông số của các phần tử của lưới điện; Đặc tính truyền tải điện năng; Tính toán chế độ xác lập của lưới phân phối; Tính toán lưới hệ thống và lưới truyền tải; Lựa chọn dây dẫn trong lưới điện; Điều chỉnh điện áp trong hệ thống điện; B...

Full beskrivning

Sparad:
Bibliografiska uppgifter
Huvudupphovsman: Trần Bách.
Materialtyp: Bok
Språk:Vietnamese
Publicerad: Hà Nội : Khoa học và kỹ thuật, 2004.
Ämnen:
Taggar: Lägg till en tagg
Inga taggar, Lägg till första taggen!
Thư viện lưu trữ: Mạng thư viện Đại học Đà Nẵng
LEADER 01718cam a2200385 a 4500
001 000044038
003 2212
005 20061214111933.0
008 010217b2004 vm 000 vie
020 |c 37500 
040 |a LRC  |c LRC  |d LRC 
041 0 |a vie 
082 1 4 |a 621.3191  |b TR-B 
100 1 |a Trần Bách. 
245 1 0 |a Lưới điện và hệ thống điện.  |n T.1 /  |c Trần Bách. 
260 |a Hà Nội :  |b Khoa học và kỹ thuật,  |c 2004. 
300 |a 344 tr. :  |b mh. ;  |c 24 cm. 
520 3 |a Khái niệm chung về hệ thống và lưới điện; Sơ đồ tính toán và các thông số của các phần tử của lưới điện; Đặc tính truyền tải điện năng; Tính toán chế độ xác lập của lưới phân phối; Tính toán lưới hệ thống và lưới truyền tải; Lựa chọn dây dẫn trong lưới điện; Điều chỉnh điện áp trong hệ thống điện; Bù công suất phản kháng; Độ tin cậy của lưới điện; Tính toán kinh tế lưới điện. 
630 0 4 |a Điện. 
630 0 4 |a Lưới điện. 
630 0 4 |a Hệ thống điện. 
650 0 4 |a Điện  |x Mạng lưới. 
650 0 4 |a Điện  |x Hệ thống. 
OWN |a DUT 
AVA |a UDN50  |b DUT  |c Book  |d 621.3191 TR-B  |e available  |t Error 5001 Not defined in file expand_doc_bib_avail.  |f 10  |g 0  |h N  |i 0  |j SH  |k 1 
999 |a From the UDN01 
AVA |a UDN50  |b DUT  |c Book  |d 621.3191 TR-B  |e available  |t Error 5001 Not defined in file expand_doc_bib_avail.  |f 10  |g 0  |h N  |i 0  |j SH  |k 1 
TYP |a Monograph 
TYP |a Printed language 
980 |a Mạng thư viện Đại học Đà Nẵng